Culture in peace and conflict resolution:within communities of central kenya (Record no. 6926)

MARC details
000 -LEADER
fixed length control field 00400nam a2200121Ia 4500
050 ## - LIBRARY OF CONGRESS CALL NUMBER
Classification number BSL JZ 5584
Item number C85 2014
040 ## - CATALOGING SOURCE
Transcribing agency Chuka University Library
008 - FIXED-LENGTH DATA ELEMENTS--GENERAL INFORMATION
fixed length control field 230105s9999||||xx |||||||||||||| ||und||
100 ## - MAIN ENTRY--PERSONAL NAME
Personal name GICHERE,NJUGUNA ET.AL
9 (RLIN) 4326
245 #0 - TITLE STATEMENT
Title Culture in peace and conflict resolution:within communities of central kenya
260 ## - PUBLICATION, DISTRIBUTION, ETC.
Place of publication, distribution, etc. National museums of Kenya
Name of publisher, distributor, etc. Nairobi
Date of publication, distribution, etc. 2014
942 ## - ADDED ENTRY ELEMENTS (KOHA)
Koha item type Long Loan Books
Holdings
Withdrawn status Lost status Damaged status Not for loan Collection Home library Current library Shelving location Date acquired Total Checkouts Full call number Barcode Date last seen Price effective from Koha item type
        General Collection Books Main Campus Library Main Campus Library General Stacks 05/01/2023   BSL JZ 5584 .C85 2014 11465/2015 05/01/2023 05/01/2023 Long Loan Books

Powered by Koha